[Event "XX Festival A"]
[Site "Porto San Giorgio ITA"]
[Date "2008.08.21"]
[Round "1"]
[White "Agrifoglio, Fabio"]
[Black "Bontempi, Piero"]
[Result "0-1"]
[WhiteElo "2017"]
[BlackElo "2374"]
[PlyCount "100"]
[EventDate "2008.08.21"]

1. d4 d5 2. c4 Bf5 3. Nc3 e6 4. Nf3 c6 5. e3 Nf6 6. Bd3 Bb4 7. O-O O-O 8. Bxf5
exf5 9. Qb3 Qb6 10. Na4 Qa5 11. a3 Bd6 12. Qxb7 Qxa4 13. Qxa8 Nbd7 14. Qb7 dxc4
15. Ne5 Nxe5 16. dxe5 Rb8 17. Qxb8+ Bxb8 18. exf6 Be5 19. e4 Bxf6 20. exf5 h5
21. h4 Qc2 22. g3 c3 23. b4 Qb3 24. Bg5 Be5 25. Bf4 Bxf4 26. gxf4 c2 27. Kg2
Qd5+ 28. f3 Kf8 29. Rfe1 Qxf5 30. Kg3 Qg6+ 31. Kf2 Qd6 32. Kg3 f6 33. Rac1 g5
34. hxg5 fxg5 35. Rxc2 Qxf4+ 36. Kg2 h4 37. Kg1 Qg3+ 38. Kf1 h3 39. Rce2 h2 40.
Re8+ Kf7 41. R8e7+ Kf6 42. R1e6+ Kf5 43. Re5+ Qxe5 44. Rxe5+ Kxe5 45. Kg2 Kf4
46. a4 h1=Q+ 47. Kxh1 Kxf3 48. Kg1 Ke3 49. b5 cxb5 50. axb5 Kd4 0-1

[Event "XX Festival A"]
[Site "Porto San Giorgio ITA"]
[Date "2008.08.21"]
[Round "1"]
[White "Aleksic, Nenad"]
[Black "Lombardo, Michele"]
[Result "1-0"]
[WhiteElo "2371"]
[BlackElo "2009"]
[PlyCount "61"]
[EventDate "2008.08.21"]

1. e4 g6 2. d4 Bg7 3. Nf3 c6 4. h3 d5 5. Nbd2 dxe4 6. Nxe4 Nd7 7. Bc4 Ngf6 8.
Nxf6+ Nxf6 9. O-O O-O 10. Re1 e6 11. c3 b6 12. Bg5 Bb7 13. Qe2 Qc7 14. Rad1 Nd7
15. Bh4 h6 16. Bg3 Qc8 17. Bb3 Nf6 18. Be5 Rd8 19. Rd2 c5 20. Qe3 Nd5 21. Bxd5
Bxd5 22. Bxg7 Kxg7 23. Ne5 cxd4 24. Rxd4 Bxa2 25. Ng4 g5 26. Qe5+ Kf8 27. Qh8+
Ke7 28. Qf6+ Kf8 29. Nxh6 Qc7 30. Qh8+ Ke7 31. Nf5# 1-0

[Event "XX Festival A"]
[Site "Porto San Giorgio ITA"]
[Date "2008.08.21"]
[Round "1"]
[White "Burani, Eugenio"]
[Black "Estremera Panos, Sergio"]
[Result "0-1"]
[WhiteElo "2018"]
[BlackElo "2394"]
[PlyCount "53"]
[EventDate "2008.08.21"]

1. e4 c5 2. Nf3 Nc6 3. d4 cxd4 4. Nxd4 Nf6 5. Nc3 d6 6. Be2 e5 7. Nf3 h6 8. h3
Be7 9. Be3 Be6 10. Qd2 Rc8 11. Rd1 a6 12. O-O b5 13. a3 Na5 14. b3 Nb7 15. Bd3
Nc5 16. b4 Ncd7 17. Nd5 Nxd5 18. exd5 Bxd5 19. Nh2 Bb7 20. Bf5 g6 21. Bxd7+
Qxd7 22. Ng4 Qc6 23. f3 h5 24. Nf2 Qxc2 25. Qxc2 Rxc2 26. Rc1 Rxc1 27. Rxc1 0-1

[Event "XX Festival A"]
[Site "Porto San Giorgio ITA"]
[Date "2008.08.21"]
[Round "1"]
[White "Del Giudice, Stefano"]
[Black "Dragojlovic, Andjelko"]
[Result "0-1"]
[WhiteElo "2022"]
[BlackElo "2400"]
[PlyCount "59"]
[EventDate "2008.08.21"]

1. d4 Nf6 2. Nf3 g6 3. c4 Bg7 4. Nc3 d5 5. cxd5 Nxd5 6. e4 Nxc3 7. bxc3 c5 8.
Be3 O-O 9. Be2 Nd7 10. O-O Nf6 11. e5 Nd5 12. Bd2 cxd4 13. cxd4 b6 14. Ng5 h6
15. Ne4 Bb7 16. Bf3 Rc8 17. Rc1 Qd7 18. Bg4 Rxc1 19. Bxc1 Qc6 20. Bf3 Rc8 21.
h4 Qc2 22. a3 Qxd1 23. Rxd1 Nc3 24. Nxc3 Bxf3 25. Rd3 Bb7 26. Bf4 Ba6 27. Rg3
Rc4 28. Nd5 Rxd4 29. Nxe7+ Kf8 30. Be3 0-1

[Event "XX Festival A"]
[Site "Porto San Giorgio ITA"]
[Date "2008.08.21"]
[Round "1"]
[White "Della Corte, Alessandro"]
[Black "Pierantozzi, Stanislao"]
[Result "1-0"]
[WhiteElo "2247"]
[BlackElo "1959"]
[PlyCount "119"]
[EventDate "2008.08.21"]

1. e4 c5 2. Nf3 Nc6 3. d4 cxd4 4. Nxd4 d6 5. Nc3 Nf6 6. Be2 g6 7. Nb3 Bg7 8.
O-O O-O 9. Re1 Be6 10. Bf1 a5 11. a4 Re8 12. Nd5 Nd7 13. c3 Nc5 14. Nxc5 dxc5
15. Be3 b6 16. Bb5 Bd7 17. Nxb6 Qxb6 18. Qxd7 Rec8 19. Qd5 Na7 20. Qc4 Be5 21.
f4 Bg7 22. e5 Rab8 23. b4 axb4 24. cxb4 Nxb5 25. axb5 Qxb5 26. Qxb5 Rxb5 27.
Bxc5 e6 28. Reb1 Bf8 29. Bxf8 Kxf8 30. Ra5 Rcb8 31. Rxb5 Rxb5 32. Kf2 Ke7 33.
Ke3 Rd5 34. b5 Kd7 35. b6 Kc8 36. Rc1+ Kb7 37. Rc7+ Kxb6 38. Rxf7 g5 39. Rxh7
gxf4+ 40. Kxf4 Kc5 41. Rc7+ Kd4 42. Rc1 Ra5 43. Rd1+ Kc5 44. Rd2 Ra4+ 45. Kg5
Re4 46. Kf6 Rh4 47. h3 Rh6+ 48. Ke7 Rg6 49. g4 Rh6 50. g5 Rxh3 51. Kxe6 Rg3 52.
Kf6 Rf3+ 53. Ke6 Rg3 54. Kf5 Rf3+ 55. Kg4 Re3 56. Kf4 Re1 57. Rg2 Kd5 58. g6
Rf1+ 59. Kg5 Rf8 60. g7 1-0

[Event "XX Festival A"]
[Site "Porto San Giorgio ITA"]
[Date "2008.08.21"]
[Round "1"]
[White "Di Bello, Nicolo'"]
[Black "Trent, Lawrence"]
[Result "0-1"]
[WhiteElo "2046"]
[BlackElo "2470"]
[PlyCount "48"]
[EventDate "2008.08.21"]

1. d4 Nf6 2. Nf3 g6 3. Bf4 Bg7 4. Nbd2 d6 5. e4 O-O 6. Bd3 c5 7. c3 cxd4 8.
cxd4 Nc6 9. Qb3 h6 10. Be3 Ng4 11. O-O e5 12. d5 Ne7 13. Nc4 f5 14. Rac1 Kh8
15. Bd2 Nf6 16. Rfe1 fxe4 17. Bxe4 Nxe4 18. Rxe4 Nxd5 19. Ncxe5 dxe5 20. Nxe5
Qf6 21. Nxg6+ Qxg6 22. Qxd5 Bh3 23. Re7 Rad8 24. Rxg7 Qxg7 0-1

[Event "XX Festival A"]
[Site "Porto San Giorgio ITA"]
[Date "2008.08.21"]
[Round "1"]
[White "Di Caro, Calogero"]
[Black "Mancini, Giustino"]
[Result "1-0"]
[WhiteElo "2399"]
[BlackElo "2019"]
[PlyCount "81"]
[EventDate "2008.08.21"]

1. d4 d5 2. c4 c6 3. Nf3 Nf6 4. e3 e6 5. Bd3 Be7 6. O-O Nbd7 7. Nc3 dxc4 8.
Bxc4 b5 9. Bd3 b4 10. Ne4 Bb7 11. Nxf6+ Nxf6 12. e4 O-O 13. e5 Nd7 14. Be4 Rc8
15. Be3 Rc7 16. Rc1 Qb8 17. Bg5 Qd8 18. Qd2 Bxg5 19. Nxg5 h6 20. Nf3 Qe7 21.
Rfd1 Rfc8 22. Rc4 a5 23. Rdc1 c5 24. Bxb7 Rxb7 25. Qc2 Rbc7 26. h3 g6 27. Ne1
Qg5 28. Nd3 Kg7 29. dxc5 Nb8 30. f4 Qg3 31. Qe2 Rd8 32. Nf2 Nc6 33. Rd1 Rcd7
34. Rd6 Ne7 35. Ne4 Qh4 36. c6 Rxd6 37. exd6 Nd5 38. g3 Qxh3 39. c7 Nxc7 40.
dxc7 Rc8 41. Qd3 1-0

[Event "XX Festival A"]
[Site "Porto San Giorgio ITA"]
[Date "2008.08.21"]
[Round "1"]
[White "Di Mantino, Mauro"]
[Black "Peredy, Ferenc"]
[Result "0-1"]
[WhiteElo "1965"]
[BlackElo "2251"]
[PlyCount "116"]
[EventDate "2008.08.21"]

1. e4 d5 2. exd5 Qxd5 3. Nc3 Qa5 4. d4 Nf6 5. Bc4 c6 6. Nf3 Bg4 7. h3 Bh5 8. g4
Bg6 9. Bd2 e6 10. Qe2 Bb4 11. a3 Bxc3 12. Bxc3 Qc7 13. Ne5 Be4 14. Rg1 Bd5 15.
Bd3 Nbd7 16. f4 Nxe5 17. dxe5 Nd7 18. O-O-O O-O-O 19. Be1 c5 20. c4 Bc6 21. Bh4
Rde8 22. Be4 Bxe4 23. Qxe4 h5 24. Bg3 hxg4 25. hxg4 Nb8 26. b4 Rd8 27. Rxd8+
Rxd8 28. Rd1 Rxd1+ 29. Kxd1 Qd7+ 30. Ke2 cxb4 31. axb4 Na6 32. Be1 g6 33. Qd3
Qa4 34. Qc3 Nc7 35. b5 Na8 36. Bd2 Nb6 37. Kd3 Qd1 38. Qd4 Qb3+ 39. Bc3 Na4 40.
Kd2 b6 41. Qd3 Qa2+ 42. Ke3 Qg2 43. Bb4 Nb2 44. Qe2 Qxe2+ 45. Kxe2 Nxc4 46. Kd3
Na5 47. Ke4 Kb7 48. f5 gxf5+ 49. gxf5 a6 50. bxa6+ Kxa6 51. Kf4 Kb5 52. Bd6 Nc4
53. fxe6 fxe6 54. Bf8 Na5 55. Ke4 Kc4 56. Bd6 b5 57. Kf4 Kd5 58. Kg5 Nc4 0-1

[Event "XX Festival A"]
[Site "Porto San Giorgio ITA"]
[Date "2008.08.21"]
[Round "1"]
[White "Eperjesi, Laszlo"]
[Black "Maksimovic, Miodrag"]
[Result "1/2-1/2"]
[WhiteElo "2294"]
[BlackElo "2003"]
[PlyCount "116"]
[EventDate "2008.08.21"]

1. d4 c5 2. d5 e5 3. c4 d6 4. e4 Be7 5. Nf3 Bg4 6. Nbd2 Na6 7. Be2 Nf6 8. O-O
O-O 9. Ne1 Qd7 10. a3 Nc7 11. b4 Bxe2 12. Qxe2 cxb4 13. axb4 b5 14. Nd3 bxc4
15. Nxc4 Nb5 16. Bb2 Rfc8 17. Rfc1 Bf8 18. Na5 Rxc1+ 19. Rxc1 Qg4 20. f3 Qg5
21. Nc6 a6 22. Ra1 Nd7 23. g4 Qh4 24. Ne1 g6 25. Ng2 Qh3 26. Qf2 Bh6 27. Qg3
Qxg3 28. hxg3 Nb6 29. Kf2 Nc4 30. Bc1 Bxc1 31. Rxc1 Nd2 32. Na5 Nd4 33. Ne1 Kf8
34. Ke3 Nf1+ 35. Kd3 Nxg3 36. Rc7 h5 37. Ng2 Nxf3 38. gxh5 gxh5 39. Ke3 Nd4 40.
Nb7 Nb5 41. Rc6 f5 42. Nxd6 f4+ 43. Nxf4 exf4+ 44. Kxf4 Ne2+ 45. Ke5 Ned4 46.
Rc1 Nxd6 47. Kxd6 Kf7 48. Ke5 Nb5 49. Kf5 Rh8 50. Ra1 h4 51. Rxa6 h3 52. Ra1 h2
53. Rh1 Nd4+ 54. Kf4 Ne2+ 55. Kf3 Nd4+ 56. Kg2 Nb5 57. Rxh2 Rxh2+ 58. Kxh2 Nc3
1/2-1/2

[Event "XX Festival A"]
[Site "Porto San Giorgio ITA"]
[Date "2008.08.21"]
[Round "1"]
[White "Faccia, Sergio"]
[Black "Mrdja, Milan"]
[Result "1-0"]
[WhiteElo "2035"]
[BlackElo "2409"]
[PlyCount "61"]
[EventDate "2008.08.21"]

1. e4 c5 2. b4 cxb4 3. Bb2 Nc6 4. d4 d5 5. exd5 Qxd5 6. c4 bxc3 7. Nxc3 Qd8 8.
d5 Nb8 9. Nf3 Nf6 10. Bb5+ Nbd7 11. O-O a6 12. Qa4 Rb8 13. Rfe1 Qb6 14. Rad1
axb5 15. Nxb5 Nxd5 16. Rxd5 e6 17. Be5 Bc5 18. Rxc5 Nxc5 19. Nd6+ Ke7 20. Qf4
f6 21. Nf5+ Kf7 22. Ng5+ Kg8 23. Nh6+ Kf8 24. Bxf6 Nd3 25. Bxg7+ Kxg7 26. Qf7+
Kxh6 27. Qf6+ Kh5 28. g4+ Kxg4 29. Re4+ Kh5 30. Rh4+ Kxh4 31. Nf3+ 1-0

[Event "XX Festival A"]
[Site "Porto San Giorgio ITA"]
[Date "2008.08.21"]
[Round "1"]
[White "Farago, Ivan"]
[Black "Lucchi, Lorenzo"]
[Result "1-0"]
[WhiteElo "2482"]
[BlackElo "2051"]
[PlyCount "55"]
[EventDate "2008.08.21"]

1. d4 Nf6 2. c4 g6 3. Nc3 d5 4. cxd5 Nxd5 5. e4 Nxc3 6. bxc3 Bg7 7. Bg5 c5 8.
Rc1 cxd4 9. cxd4 O-O 10. Nf3 Bg4 11. d5 Nd7 12. Be2 Nf6 13. h3 Bxf3 14. Bxf3
Qa5+ 15. Qd2 Qa4 16. O-O e6 17. Rfe1 e5 18. Rc7 Rac8 19. Rxb7 Rc4 20. Bd1 Qa6
21. Be2 Qxb7 22. Bxc4 h6 23. Bh4 g5 24. Bg3 Nh5 25. Bh2 Rc8 26. Qe2 Nf4 27.
Bxf4 gxf4 28. Ba6 1-0

[Event "XX Festival A"]
[Site "Porto San Giorgio ITA"]
[Date "2008.08.21"]
[Round "1"]
[White "Giancotti, Eraldo"]
[Black "Maiorov, Nikita"]
[Result "0-1"]
[WhiteElo "2092"]
[BlackElo "2535"]
[PlyCount "132"]
[EventDate "2008.08.21"]

1. g3 Nf6 2. Bg2 d5 3. d3 c6 4. Nd2 e5 5. e3 Bd6 6. Ne2 O-O 7. b3 a5 8. a3 Na6
9. Bb2 Bd7 10. h3 Re8 11. O-O b5 12. Qe1 Qb6 13. Kh1 Nc7 14. Rb1 a4 15. b4 c5
16. bxc5 Bxc5 17. c4 Qd6 18. d4 exd4 19. exd4 Bxa3 20. c5 Qe7 21. Bxa3 Qxe2 22.
Qc1 Bf5 23. Ra1 Na6 24. Qc3 Qd3 25. Bb2 Qxc3 26. Bxc3 b4 27. Bb2 Nb8 28. g4 Bd3
29. Rfe1 Rxe1+ 30. Rxe1 Nc6 31. g5 Ne4 32. Nxe4 Bxe4 33. Bxe4 dxe4 34. d5 Na5
35. Rxe4 a3 36. Rxb4 axb2 37. Rxb2 Kf8 38. Kg2 Rc8 39. Rb5 Nc4 40. Kf3 Re8 41.
Kf4 g6 42. Rb7 Ne5 43. Kg3 Rc8 44. c6 Nc4 45. Kf4 Re8 46. h4 Rd8 47. Rb4 Nd6
48. h5 gxh5 49. Ke5 Nc8 50. Rb8 Re8+ 51. Kf4 Nd6 52. Rb4 Kg7 53. Rb6 Kf8 54.
Rb1 h4 55. Kg4 Re4+ 56. f4 Rd4 57. Rb8+ Ke7 58. Rh8 Rxd5 59. Rxh7 Rd1 60. Rxh4
Rg1+ 61. Kf3 Nf5 62. Rh7 Rg3+ 63. Kf2 Ke6 64. c7 Rc3 65. g6 fxg6 66. Ke2 Kd6
0-1

[Event "XX Festival A"]
[Site "Porto San Giorgio ITA"]
[Date "2008.08.21"]
[Round "1"]
[White "Granaldi, Alessandro"]
[Black "Gordon, Stephen J."]
[Result "0-1"]
[WhiteElo "2082"]
[BlackElo "2508"]
[PlyCount "72"]
[EventDate "2008.08.21"]

1. e4 c5 2. Nf3 e6 3. d4 cxd4 4. Nxd4 a6 5. Bd3 Bc5 6. Nb3 Ba7 7. Qe2 Nc6 8.
O-O d6 9. Be3 e5 10. Bxa7 Rxa7 11. Nc3 Nge7 12. Nd5 O-O 13. c3 Be6 14. Rad1 b5
15. c4 Qb8 16. Rd2 b4 17. f4 exf4 18. Nxf4 Ng6 19. Nxe6 fxe6 20. Qg4 Re7 21.
Rxf8+ Qxf8 22. Rf2 Qd8 23. Qe2 a5 24. Qf1 a4 25. Nd2 Nge5 26. Be2 Re8 27. h3
Qb6 28. Kh2 Ra8 29. Nf3 Nxf3+ 30. Rxf3 Ne5 31. Rf4 Qd4 32. Bg4 Nxg4+ 33. Rxg4
Qxb2 34. Rf4 b3 35. axb3 a3 36. Qd1 Qe5 0-1

[Event "XX Festival A"]
[Site "Porto San Giorgio ITA"]
[Date "2008.08.21"]
[Round "1"]
[White "Hera, Imre jr"]
[Black "Rotoni, Matteo"]
[Result "1-0"]
[WhiteElo "2518"]
[BlackElo "2089"]
[PlyCount "47"]
[EventDate "2008.08.21"]

1. Nf3 d5 2. c4 d4 3. e3 Nc6 4. b4 Bg4 5. Qa4 Bxf3 6. gxf3 e5 7. c5 a5 8. b5
Nce7 9. Bb2 Nf5 10. Qc2 Ngh6 11. Na3 Qe7 12. c6 b6 13. Nc4 Qf6 14. Qe4 dxe3 15.
fxe3 Qh4+ 16. Qxh4 Nxh4 17. Nxe5 f6 18. Nd7 Nxf3+ 19. Ke2 Ng5 20. Rg1 Ngf7 21.
Bh3 a4 22. Raf1 Ng5 23. Nxf6+ gxf6 24. Bd7+ 1-0

[Event "XX Festival A"]
[Site "Porto San Giorgio ITA"]
[Date "2008.08.21"]
[Round "1"]
[White "Jovanic, Ognjen"]
[Black "Tribuiani, Renato"]
[Result "1-0"]
[WhiteElo "2493"]
[BlackElo "2065"]
[PlyCount "51"]
[EventDate "2008.08.21"]

1. d4 d5 2. c4 e6 3. Nc3 f5 4. Nf3 Nf6 5. Bf4 Bd6 6. Ne5 c6 7. e3 O-O 8. Bd3
Bxe5 9. Bxe5 Ne4 10. f3 Ng5 11. Qc2 Nf7 12. Bf4 Qh4+ 13. Bg3 Qf6 14. O-O-O b6
15. e4 Qxd4 16. exd5 cxd5 17. cxd5 exd5 18. Bxf5 Qe3+ 19. Kb1 Na6 20. Nxd5 Bxf5
21. Qxf5 Qe2 22. Rhe1 Qxg2 23. Rg1 Qe2 24. Nf6+ gxf6 25. Be5+ Ng5 26. Rxg5+ 1-0

[Event "XX Festival A"]
[Site "Porto San Giorgio ITA"]
[Date "2008.08.21"]
[Round "1"]
[White "Kizov, Atanas"]
[Black "Antonelli, Fabrizio"]
[Result "1-0"]
[WhiteElo "2426"]
[BlackElo "2035"]
[PlyCount "87"]
[EventDate "2008.08.21"]

1. d4 Nf6 2. c4 g6 3. Nc3 Bg7 4. e4 d6 5. h3 O-O 6. Bg5 h6 7. Be3 e5 8. d5 Kh7
9. Bd3 a5 10. g4 Na6 11. Nge2 Nc5 12. Bc2 Qe7 13. Ng3 c6 14. a3 Bd7 15. b4 axb4
16. axb4 Rxa1 17. Qxa1 Na6 18. Qa3 Nc7 19. Qa5 cxd5 20. cxd5 Rc8 21. Bd3 Nce8
22. Kd2 Ng8 23. Qa7 Rc7 24. Bb6 Qg5+ 25. Kc2 Rc8 26. Be3 Qd8 27. Kb3 f5 28.
gxf5 gxf5 29. Nge2 Ra8 30. Qb6 Qc8 31. exf5 Ngf6 32. Rc1 Bxf5 33. Bxf5+ Qxf5
34. Qxb7 Rd8 35. b5 Rd7 36. Qc8 Qd3 37. b6 Re7 38. Rd1 Qg6 39. b7 Nd7 40. Ra1
Qf7 41. Ra7 Nc7 42. Qxc7 Nc5+ 43. Bxc5 Rxc7 44. b8=Q 1-0

[Event "XX Festival A"]
[Site "Porto San Giorgio ITA"]
[Date "2008.08.21"]
[Round "1"]
[White "Liguori, Renato"]
[Black "Fedorchuk, Sergey A."]
[Result "0-1"]
[WhiteElo "2103"]
[BlackElo "2624"]
[PlyCount "80"]
[EventDate "2008.08.21"]

1. d4 Nf6 2. c4 e6 3. Nc3 Bb4 4. e3 b6 5. Bd3 Bb7 6. f3 c5 7. Nge2 cxd4 8. exd4
O-O 9. O-O d5 10. b3 dxc4 11. Bxc4 a6 12. a3 Be7 13. b4 Nbd7 14. Bd3 Rc8 15.
Be3 b5 16. Ne4 Nxe4 17. fxe4 Nb6 18. Rc1 Bg5 19. Qd2 Be7 20. Rxc8 Nxc8 21. Qc2
Nb6 22. Rf3 Qc8 23. Qb1 Nc4 24. Bc1 Rd8 25. Rg3 Nd6 26. Bh6 g6 27. Bg5 Bxg5 28.
Rxg5 f5 29. exf5 exf5 30. Ng3 Qc3 31. Ne2 Qd2 32. Rg3 Re8 33. Kf1 f4 34. Rh3
Nf5 35. Qb3+ Kg7 36. Rxh7+ Kxh7 37. Qf7+ Kh6 38. Qxe8 Ne3+ 39. Kf2 Ng4+ 40. Kf1
Qd1# 0-1

[Event "XX Festival A"]
[Site "Porto San Giorgio ITA"]
[Date "2008.08.21"]
[Round "1"]
[White "Maggi, Fabrizio"]
[Black "Andonov, Bogomil"]
[Result "1/2-1/2"]
[WhiteElo "2009"]
[BlackElo "2326"]
[PlyCount "119"]
[EventDate "2008.08.21"]

1. c4 e5 2. Nc3 Nf6 3. Nf3 Nc6 4. e3 g6 5. d4 exd4 6. exd4 d6 7. Be2 Bg7 8. O-O
O-O 9. Re1 Re8 10. h3 Ne4 11. Be3 Nxc3 12. bxc3 b6 13. Qd2 Na5 14. Qc2 Bf5 15.
Bd3 Bxd3 16. Qxd3 Qd7 17. Rab1 Rad8 18. Nd2 d5 19. cxd5 Qxd5 20. c4 Qd7 21. d5
c6 22. Bd4 cxd5 23. Rxe8+ Qxe8 24. Bxg7 Kxg7 25. Qd4+ f6 26. cxd5 Nc6 27. Qf4
Rxd5 28. Ne4 Qe5 29. Qxe5 Rxe5 30. Nd6 Rd5 31. Nb5 Kf7 32. Rc1 Rxb5 33. Rxc6
Rc5 34. Rd6 Ke7 35. Rd4 b5 36. g3 a5 37. Kg2 b4 38. h4 Rc2 39. a3 Rb2 40. axb4
Rxb4 41. Rd5 a4 42. Kh3 f5 43. h5 Ke6 44. Ra5 gxh5 45. f4 Kd6 46. Kh4 Kc6 47.
Kxh5 Kb6 48. Ra8 Kb5 49. Kg5 Rb3 50. Kxf5 Rxg3 51. Ke4 a3 52. f5 Rg4+ 53. Kd5
Kb4 54. f6 Rf4 55. Ke6 h5 56. f7 h4 57. Rb8+ Kc3 58. f8=Q Rxf8 59. Rxf8 a2 60.
Rc8+ 1/2-1/2

[Event "XX Festival A"]
[Site "Porto San Giorgio ITA"]
[Date "2008.08.21"]
[Round "1"]
[White "Marozzi, Giovanni"]
[Black "Cioara, Andrei Nestor"]
[Result "0-1"]
[WhiteElo "2041"]
[BlackElo "2452"]
[PlyCount "46"]
[EventDate "2008.08.21"]

1. e4 c6 2. c4 d5 3. cxd5 cxd5 4. exd5 Nf6 5. d4 g6 6. Nf3 Bg7 7. Nc3 O-O 8.
Bc4 Nbd7 9. O-O Nb6 10. Bb3 Nfxd5 11. Ne5 Be6 12. Bd2 Rc8 13. Rc1 Nxc3 14. bxc3
Nc4 15. Nxc4 Bxc4 16. Re1 e6 17. Bxc4 Rxc4 18. Qb3 Qd5 19. Rb1 b6 20. Qb5 Qxb5
21. Rxb5 Ra4 22. Ra1 Rd8 23. f4 Rdxd4 0-1

[Event "XX Festival A"]
[Site "Porto San Giorgio ITA"]
[Date "2008.08.21"]
[Round "1"]
[White "Naumkin, Igor"]
[Black "Scipioni, Gaetano"]
[Result "1-0"]
[WhiteElo "2502"]
[BlackElo "2077"]
[PlyCount "47"]
[EventDate "2008.08.21"]

1. d4 d5 2. c4 c6 3. Nf3 e6 4. Bg5 Nf6 5. Bxf6 Bb4+ 6. Nbd2 Qxf6 7. e3 Nd7 8.
a3 Bd6 9. Qc2 O-O 10. Bd3 h6 11. O-O dxc4 12. Bxc4 e5 13. Ne4 Qe7 14. Nxd6 Qxd6
15. Rad1 Qf6 16. Ba2 exd4 17. Rxd4 Ne5 18. Nxe5 Qxe5 19. Bb1 g6 20. Qd2 Be6 21.
f4 Qf6 22. f5 gxf5 23. Qc3 Rad8 24. Rg4+ 1-0

[Event "XX Festival A"]
[Site "Porto San Giorgio ITA"]
[Date "2008.08.21"]
[Round "1"]
[White "Navarro, Stefano"]
[Black "Giobbi, Costantino"]
[Result "1/2-1/2"]
[WhiteElo "2259"]
[BlackElo "1972"]
[PlyCount "102"]
[EventDate "2008.08.21"]

1. e4 c5 2. Nf3 d6 3. d4 cxd4 4. Nxd4 Nf6 5. Nc3 Nc6 6. Bg5 Bd7 7. Qd2 Nxd4 8.
Qxd4 Qa5 9. Bd2 Qd8 10. Bc4 e6 11. O-O-O Be7 12. Bg5 Bc6 13. Rhe1 O-O 14. f4
Qc7 15. Bd3 e5 16. Qf2 exf4 17. Bxf4 Ng4 18. Qg3 Ne5 19. Ne2 Ng6 20. Bg5 Rfe8
21. Bxe7 Qxe7 22. Nd4 Qe5 23. Nf5 Qxg3 24. hxg3 Rad8 25. Bc4 Rxe4 26. Rxe4 Bxe4
27. Nxd6 Bxg2 28. Nxf7 Rxd1+ 29. Kxd1 Kf8 30. Ng5 Ne5 31. Nxh7+ Ke7 32. Bd3
Nxd3 33. cxd3 Ke6 34. Ke2 Kf5 35. Ke3 Kg4 36. Kf2 Bd5 37. a3 Kf5 38. Nf8 Bc6
39. Ke3 Kf6 40. Kf4 Bb5 41. Nh7+ Kg6 42. Ng5 Bxd3 43. Ne6 Bf1 44. Nc5 Bg2 45.
Nd3 Kf6 46. Nf2 Bc6 47. Ng4+ Ke6 48. Ne3 Kf6 49. Nc2 Bg2 50. Nd4 Bd5 51. b4 a6
1/2-1/2

[Event "XX Festival A"]
[Site "Porto San Giorgio ITA"]
[Date "2008.08.21"]
[Round "1"]
[White "Orsatti, Marcello"]
[Black "Voiska, Margarita"]
[Result "0-1"]
[WhiteElo "2004"]
[BlackElo "2296"]
[PlyCount "72"]
[EventDate "2008.08.21"]

1. c4 g6 2. Nc3 Bg7 3. g3 e6 4. Bg2 Ne7 5. d3 d5 6. cxd5 exd5 7. Nf3 c6 8. O-O
Bg4 9. Bf4 Nd7 10. Qd2 h6 11. Bd6 O-O 12. d4 Re8 13. e3 Nf5 14. Ba3 Bxf3 15.
Bxf3 a5 16. b3 h5 17. Be2 Bh6 18. Kh1 Nf6 19. Rae1 b5 20. Bc1 Qd7 21. Qc2 Nd6
22. Bf3 h4 23. Re2 Nde4 24. Bxe4 dxe4 25. Ree1 Qh3 26. Rg1 Bf8 27. Ne2 Qf5 28.
Nf4 h3 29. Qe2 Ng4 30. Nxh3 Qh5 31. Qf1 a4 32. Qg2 axb3 33. axb3 Ra2 34. Nf4
Qf5 35. Re2 Rxe2 36. Nxe2 Nxf2+ 0-1

[Event "XX Festival A"]
[Site "Porto San Giorgio ITA"]
[Date "2008.08.21"]
[Round "1"]
[White "Ortega, Lexy"]
[Black "Garrapa, Gianluigi"]
[Result "1-0"]
[WhiteElo "2456"]
[BlackElo "2041"]
[PlyCount "48"]
[EventDate "2008.08.21"]

1. d4 d5 2. Nf3 Nf6 3. c4 c6 4. Nc3 e6 5. e3 Nbd7 6. Bd3 Be7 7. O-O dxc4 8.
Bxc4 b5 9. Bd3 a6 10. e4 O-O 11. e5 Nd5 12. Ne4 c5 13. dxc5 Qc7 14. Re1 Nxc5
15. Nxc5 Qxc5 16. Bg5 Bb7 17. Rc1 Qb6 18. Bxh7+ Kxh7 19. Bxe7 Nxe7 20. Ng5+ Kh6
21. Qg4 Nf5 22. Rc3 g6 23. Rh3+ Kg7 24. Rh7+ Kg8 1-0

[Event "XX Festival A"]
[Site "Porto San Giorgio ITA"]
[Date "2008.08.21"]
[Round "1"]
[White "Piscitelli, Vito"]
[Black "Calzetta Ruiz, Monica"]
[Result "1/2-1/2"]
[WhiteElo "2003"]
[BlackElo "2264"]
[PlyCount "31"]
[EventDate "2008.08.21"]

1. e4 c5 2. Nc3 Nc6 3. f4 e6 4. Nf3 d5 5. Bb5 d4 6. Bxc6+ bxc6 7. Ne2 Nf6 8. d3
Be7 9. O-O O-O 10. Qe1 c4 11. dxc4 Nxe4 12. Nexd4 Nf6 13. Kh1 Bb7 14. Be3 c5
15. Nb3 Rc8 16. Qa5 1/2-1/2

[Event "XX Festival A"]
[Site "Porto San Giorgio ITA"]
[Date "2008.08.21"]
[Round "1"]
[White "Rago, Riccardo"]
[Black "Fercec, Nenad"]
[Result "0-1"]
[WhiteElo "2059"]
[BlackElo "2486"]
[PlyCount "32"]
[EventDate "2008.08.21"]

1. e4 c5 2. Nf3 d6 3. d4 cxd4 4. Nxd4 Nf6 5. Nc3 a6 6. Bc4 e6 7. O-O b5 8. Bb3
Bb7 9. Qe2 Nbd7 10. f4 Qc7 11. g4 d5 12. exd5 Bc5 13. Be3 Qb6 14. dxe6 fxe6 15.
Nf5 Nxg4 16. Qxg4 exf5 0-1

[Event "XX Festival A"]
[Site "Porto San Giorgio ITA"]
[Date "2008.08.21"]
[Round "1"]
[White "Ragonese, Lucio Rosario"]
[Black "Stromboli, Carlo"]
[Result "0-1"]
[WhiteElo "1980"]
[BlackElo "2263"]
[PlyCount "80"]
[EventDate "2008.08.21"]

1. d4 Nf6 2. Nf3 e6 3. Bg5 d6 4. Nbd2 Be7 5. e4 Nbd7 6. c3 O-O 7. Qc2 c5 8. Be2
a6 9. a4 b6 10. O-O Bb7 11. Rfe1 h6 12. Bh4 g5 13. Bg3 Rc8 14. e5 Ne8 15. exd6
Nxd6 16. Bxd6 Bxd6 17. Ne4 Be7 18. Rad1 Qc7 19. dxc5 Nxc5 20. Ng3 Qc6 21. b3 g4
22. b4 Nxa4 23. Rd4 gxf3 24. Bxf3 Qxc3 25. Qxc3 Nxc3 26. Bxb7 Rc7 27. Rg4+ Kh8
28. Bf3 Rfc8 29. Nh5 Rg8 30. Rf4 Bg5 31. Rd4 Nb5 32. Rde4 Rgc8 33. h4 Bd2 34.
Ra1 Rc1+ 35. Rxc1 Rxc1+ 36. Kh2 Bc3 37. g4 Nd6 38. Re3 Bxb4 39. g5 hxg5 40.
hxg5 Rc3 0-1

[Event "XX Festival A"]
[Site "Porto San Giorgio ITA"]
[Date "2008.08.21"]
[Round "1"]
[White "Stromboli, Ettore"]
[Black "Bianchi, Alberto"]
[Result "1-0"]
[WhiteElo "2300"]
[BlackElo "2004"]
[PlyCount "77"]
[EventDate "2008.08.21"]

1. e4 e5 2. Nf3 Nc6 3. Bb5 a6 4. Bxc6 dxc6 5. O-O f6 6. Qe2 Bd6 7. c3 Ne7 8. d4
Ng6 9. Rd1 Qe7 10. h3 O-O 11. Re1 Be6 12. Be3 Rae8 13. Nbd2 b5 14. a4 Bc8 15.
c4 exd4 16. Nxd4 Bd7 17. axb5 axb5 18. cxb5 Qe5 19. Qc4+ Kh8 20. N2f3 Qh5 21.
bxc6 Bxh3 22. gxh3 Qxh3 23. Qf1 Qh5 24. Bd2 Be5 25. Ra5 Rd8 26. Qg2 Rfe8 27.
Rd5 Rb8 28. b4 Ne7 29. Ne6 Qf7 30. Neg5 Qg8 31. Nxe5 fxg5 32. Qh3 h6 33. Rd7
Kh7 34. Bxg5 Qf8 35. Re3 Ng8 36. Rf3 Rxe5 37. Bxh6 Nxh6 38. Rxf8 Rxf8 39. Qg3
1-0

[Event "XX Festival A"]
[Site "Porto San Giorgio ITA"]
[Date "2008.08.21"]
[Round "1"]
[White "Tugui, Adrian"]
[Black "Tommaselli, Giacomo"]
[Result "1/2-1/2"]
[WhiteElo "2375"]
[BlackElo "2018"]
[PlyCount "121"]
[EventDate "2008.08.21"]

1. d4 Nf6 2. c4 e6 3. Nc3 Bb4 4. Qc2 Nc6 5. e3 O-O 6. a3 Bxc3+ 7. Qxc3 Re8 8.
Nf3 d6 9. b4 e5 10. d5 Ne7 11. Bb2 b6 12. Nd2 Bf5 13. f3 a5 14. e4 Bd7 15. Be2
axb4 16. axb4 Ng6 17. Rxa8 Qxa8 18. g3 h5 19. h4 Qd8 20. Qe3 Qe7 21. Nb1 Nh7
22. Bd3 Rf8 23. Nc3 f5 24. exf5 Bxf5 25. Bxf5 Rxf5 26. Qe4 Qf7 27. O-O Ngf8 28.
Bc1 g5 29. hxg5 Nxg5 30. Bxg5 Rxg5 31. Qh4 Qf4 32. Qxf4 exf4 33. Ne4 Rg6 34.
Kf2 fxg3+ 35. Nxg3 Nd7 36. f4 Nf6 37. Kf3 Kf7 38. Nf5 b5 39. Rc1 bxc4 40. Ne3
h4 41. Rxc4 Rg3+ 42. Kf2 Kg6 43. Rd4 Ng4+ 44. Nxg4 Rxg4 45. Rc4 Kf5 46. Rxc7
Rxf4+ 47. Ke3 Rxb4 48. Rh7 h3 49. Kf2 Rb3 50. Re7 Rd3 51. Rh7 Ke4 52. Rh5 Rxd5
53. Rxh3 Rd2+ 54. Ke1 Rg2 55. Ra3 d5 56. Kd1 d4 57. Rb3 Rf2 58. Ra3 Rh2 59. Rb3
d3 60. Rb8 Ke3 61. Re8+ 1/2-1/2